[Event "GRE-chT 48th"]
[Site "Athens"]
[Date "2021.09.11"]
[Round "6.6"]
[White "Kofidis, Spyridon"]
[Black "Zenelis, Konstantinos"]
[Result "0-1"]
[WhiteElo "2139"]
[BlackElo "2058"]
[PlyCount "62"]
[EventDate "2021.09.07"]
[EventType "team-swiss"]
[EventRounds "7"]
[EventCountry "GRE"]
[SourceTitle "CBM 204 Extra"]
[Source "ChessBase"]
[SourceDate "2021.11.30"]
[SourceVersion "1"]
[SourceVersionDate "2021.11.30"]
[SourceQuality "1"]
[WhiteTeam "Kallytheas"]
[BlackTeam "Papagou"]
[WhiteTeamCountry "GRE"]
[BlackTeamCountry "GRE"]

1. e4 e6 2. d4 d5 3. Nd2 Nf6 4. e5 Nfd7 5. f4 c5 6. c3 Nc6 7. Ndf3 Qb6 8. Ne2 a5 9. h4 a4 10. h5 cxd4 11. cxd4 a3 12. b3 Be7 13. g4 Ndb8 14. Be3 Bd7 15. Ng3 Na6 16. Rc1 0-0-0 17. g5 Nab4 18. Rh2 Kb8 19. h6 g6 20. Rd2 Rc8 21. Nh1 Na7 22. Nf2 Rxc1 23. Qxc1 Rc8 24. Qb1 Bb5 25. Ng4 Bxf1 26. Kxf1 Nb5 27. Nf6 Bxf6 28. gxf6 Nc3 29. Qa1 Ne4 30. Qe1 Nc2 31. Rxc2 Rxc2 0-1

[Event "GRE-chT 48th"]
[Site "Athens"]
[Date "2021.09.08"]
[Round "3.6"]
[White "Lentzos, Ioanis"]
[Black "Kofidis, Spyridon"]
[Result "1-0"]
[WhiteElo "2076"]
[BlackElo "2139"]
[PlyCount "95"]
[EventDate "2021.09.07"]
[EventType "team-swiss"]
[EventRounds "7"]
[EventCountry "GRE"]
[SourceTitle "CBM 204 Extra"]
[Source "ChessBase"]
[SourceDate "2021.11.30"]
[SourceVersion "1"]
[SourceVersionDate "2021.11.30"]
[SourceQuality "1"]
[WhiteTeam "Keefysyas"]
[BlackTeam "Kallytheas"]
[WhiteTeamCountry "GRE"]
[BlackTeamCountry "GRE"]

1. c4 Nf6 2. Nc3 d5 3. cxd5 Nxd5 4. Nf3 g6 5. h4 h6 6. e4 Nxc3 7. dxc3 Qxd1+ 8. Kxd1 Bg4 9. Kc2 c6 10. Bc4 Nd7 11. Bf4 Bxf3 12. gxf3 e5 13. Be3 Bc5 14. b4 Bxe3 15. fxe3 Ke7 16. Rhg1 g5 17. Rad1 f6 18. f4 b5 19. Bb3 Nb6 20. fxe5 fxe5 21. hxg5 hxg5 22. Rxg5 Rh2+ 23. Kb1 Nc4 24. Bxc4 bxc4 25. Rxe5+ Kf6 26. Rf5+ Ke7 27. Rdf1 Re2 28. Rf7+ Ke6 29. Rf8 Rxf8 30. Rxf8 Rxe3 31. Ra8 Rxc3 32. Rxa7 Ke5 33. Ra5+ Kd4 34. Rc5 Rg3 35. Kb2 Rg2+ 36. Ka3 Re2 37. Rxc6 Re3+ 38. Ka4 Re2 39. a3 c3 40. b5 Kd3 41. b6 Rb2 42. e5 c2 43. Ka5 Rb3 44. Rxc2 Kxc2 45. a4 Re3 46. b7 Rxe5+ 47. Kb6 Re6+ 48. Kc5 1-0

[Event "GRE-chT Div-A 38th"]
[Site "Peristeri"]
[Date "2010.07.09"]
[Round "5"]
[White "Kofidis, Spyridon"]
[Black "Gavriilidis, Georgios"]
[Result "0-1"]
[WhiteElo "2217"]
[BlackElo "2126"]
[PlyCount "49"]
[EventDate "2010.07.05"]
[EventType "team-swiss"]
[EventRounds "7"]
[EventCountry "GRE"]
[SourceTitle "CBM 137 Extra"]
[Source "ChessBase"]
[SourceDate "2010.09.01"]
[SourceVersion "1"]
[SourceVersionDate "2010.09.01"]
[SourceQuality "1"]

1. e4 c5 2. Nf3 d6 3. d4 cxd4 4. Nxd4 Nf6 5. Nc3 g6 6. Be3 Bg7 7. f3 0-0 8. Qd2 Nc6 9. g4 Be6 10. g5 Nh5 11. Nxe6 fxe6 12. Bh3 Ne5 13. Bxe6+ Kh8 14. 0-0-0 Nxf3 15. Qd5 Nf4 16. Bxf4 Rxf4 17. Rdf1 Qb6 18. Nd1 Raf8 19. c3 Be5 20. h4 Nxh4 21. Rfg1 Qc6 22. Rh3 Nf3 23. Rgg3 Nd4 24. Qxc6 Nxc6 25. Rg2 0-1

[Event "GRE-chT 37th"]
[Site "Kallithea"]
[Date "2009.07.08"]
[Round "8"]
[White "Kiratzopoulos, Efthimios"]
[Black "Kofidis, Spyridon"]
[Result "1/2-1/2"]
[WhiteElo "2139"]
[BlackElo "2214"]
[PlyCount "102"]
[EventDate "2009.07.03"]
[EventType "team-tourn"]
[EventRounds "9"]
[EventCountry "GRE"]
[SourceTitle "CBM 131 Extra"]
[Source "ChessBase"]
[SourceDate "2009.09.03"]
[SourceVersion "2"]
[SourceVersionDate "2009.09.16"]
[SourceQuality "1"]

1. d4 d5 2. Nf3 Nf6 3. Bg5 e6 4. e3 Be7 5. Bd3 h6 6. Bh4 Nbd7 7. 0-0 c5 8. c3 0-0 9. Nbd2 b6 10. Ne5 Nxe5 11. dxe5 Nd7 12. Bg3 f5 13. exf6 Nxf6 14. e4 dxe4 15. Nxe4 Bb7 16. Nxf6+ Bxf6 17. Qe2 e5 18. Bc4+ Kh8 19. Bxe5 Bxe5 20. Qxe5 Qh4 21. b3 Rae8 22. Qg3 Qf6 23. Rfe1 Be4 24. Re3 Bf5 25. Rae1 Rxe3 26. Qxe3 Rd8 27. h3 Bg6 28. a4 Kh7 29. Qg3 Rd2 30. Re6 Qg5 31. Qxg5 hxg5 32. Re7 a5 33. Re6 Bf7 34. Rxb6 Bxc4 35. bxc4 Ra2 36. Rb5 Rxa4 37. Rxc5 Kh6 38. Kh2 Ra3 39. f3 Rxc3 40. Rxa5 Rxc4 41. Kg3 Kh5 42. Ra2 Rb4 43. Kh2 Rb3 44. Ra7 Kg6 45. Ra8 Rc3 46. Rf8 Ra3 47. g4 Ra1 48. Rf5 Rb1 49. h4 gxh4 50. Rh5 Kf6 51. Rxh4 g5 1/2-1/2

[Event "GRE-chT"]
[Site "Aghia Pelagia"]
[Date "2004.07.09"]
[Round "7.5"]
[White "Lagopatis, Nikolaos"]
[Black "Kofidis, Spyridon"]
[Result "1/2-1/2"]
[WhiteElo "2107"]
[BlackElo "2248"]
[PlyCount "135"]
[EventDate "2004.07.04"]
[EventType "team"]
[EventRounds "9"]
[EventCountry "GRE"]
[SourceTitle "CBM 101 Extra"]
[Source "ChessBase"]
[SourceDate "2004.09.01"]
[SourceVersion "2"]
[SourceVersionDate "2004.09.01"]
[SourceQuality "1"]
[WhiteTeam "12"]
[BlackTeam "14"]
[WhiteTeamCountry "GRE"]
[BlackTeamCountry "GRE"]

1. e4 c5 2. c3 d5 3. d3 Nc6 4. Nd2 Nf6 5. Ngf3 e5 6. Be2 g6 7. 0-0 Bg7 8. Qc2 0-0 9. Re1 h6 10. Bf1 Be6 11. exd5 Nxd5 12. Nc4 Qc7 13. a4 Rfe8 14. Bd2 Rad8 15. Rad1 Bg4 16. Be2 Bc8 17. Bc1 b6 18. h3 f5 19. Bf1 Kh7 20. g3 a6 21. Qb3 Be6 22. Qc2 b5 23. axb5 axb5 24. Ncd2 Qa5 25. Bg2 Rc8 26. Qb1 Nb6 27. b3 Nd5 28. Bb2 Nxc3 29. Bxc3 Qxc3 30. Rc1 Qb4 31. Qa2 Red8 32. Bf1 Bd5 33. Qb1 Kh8 34. h4 Bf6 35. Bg2 Kg7 36. Re2 Bxf3 37. Nxf3 Nd4 38. Ra2 Rc7 39. Nxd4 Rxd4 40. Ra8 Rcd7 41. Rc8 Be7 42. Qb2 Ra7 43. Qe2 Bf6 44. R1xc5 Qxb3 45. Rxe5 Qxd3 46. Qxd3 Rxd3 47. Rxb5 Rd2 48. Bd5 Bd4 49. h5 gxh5 50. Rc1 Rxf2 51. Kh1 Re7 52. Rb7 Rxb7 53. Bxb7 Be5 54. Rg1 Kf6 55. Rg2 Rf1+ 56. Rg1 Rxg1+ 57. Kxg1 Bxg3 58. Bc6 Kg5 59. Bd7 f4 60. Bc6 Be1 61. Kg2 h4 62. Bf3 Kf5 63. Bc6 Ke5 64. Bf3 Kd4 65. Bc6 Ke3 66. Bd5 Bb4 67. Bc6 Bd6 68. Kh1 1/2-1/2

[Event "Attica-ch op"]
[Site "Attica"]
[Date "2003.05.14"]
[Round "5"]
[White "Kofidis, Spyridon"]
[Black "Sideris, Theodoros"]
[Result "1-0"]
[WhiteElo "2206"]
[BlackElo "2100"]
[PlyCount "93"]
[EventDate "2003.05.??"]
[EventType "swiss"]
[EventRounds "9"]
[EventCountry "GRE"]
[SourceTitle "EXT 2005"]
[Source "ChessBase"]
[SourceDate "2004.11.15"]
[SourceVersion "1"]
[SourceVersionDate "2004.11.15"]
[SourceQuality "1"]

1. e4 c5 2. Nf3 Nc6 3. d4 cxd4 4. Nxd4 g6 5. c4 Nf6 6. Nc3 Nxd4 7. Qxd4 d6 8. Be3 Bg7 9. f3 0-0 10. Qd2 Be6 11. Rc1 Nd7 12. Nb5 a6 13. Nd4 Rc8 14. Be2 Ne5 15. Nxe6 fxe6 16. f4 Nd7 17. Bg4 Nc5 18. b4 Nd7 19. Bxe6+ Kh8 20. Bd4 Bxd4 21. Qxd4+ Rf6 22. 0-0 Rc7 23. g4 Ne5 24. Bd5 Nxg4 25. e5 dxe5 26. fxe5 Rxc4 27. Qxc4 Rxf1+ 28. Qxf1 Ne3 29. Qf7 Nxd5 30. Rd1 e6 31. Qxe6 Qb6+ 32. Qxb6 Nxb6 33. Rd8+ Kg7 34. Rb8 Nc4 35. Rxb7+ Kf8 36. e6 h6 37. h4 Ne3 38. Kf2 Nf5 39. Rf7+ Ke8 40. Rxf5 gxf5 41. Ke3 Ke7 42. Kf4 Kxe6 43. a4 Kf6 44. b5 axb5 45. axb5 Ke6 46. b6 Kd6 47. Kxf5 1-0

[Event "Attica-ch op"]
[Site "Attica"]
[Date "2003.05.07"]
[Round "2"]
[White "Koukoufikis, Ioannis"]
[Black "Kofidis, Spyridon"]
[Result "0-1"]
[WhiteElo "2073"]
[BlackElo "2206"]
[PlyCount "114"]
[EventDate "2003.05.??"]
[EventType "swiss"]
[EventRounds "9"]
[EventCountry "GRE"]
[SourceTitle "EXT 2005"]
[Source "ChessBase"]
[SourceDate "2004.11.15"]
[SourceVersion "1"]
[SourceVersionDate "2004.11.15"]
[SourceQuality "1"]

1. e4 e5 2. Nf3 Nc6 3. Nc3 Nf6 4. Bc4 Bc5 5. d3 h6 6. Be3 Bb6 7. h3 d6 8. Qd2 Be6 9. Nd5 Bxd5 10. exd5 Ne7 11. Nh4 g5 12. Nf3 Nexd5 13. 0-0-0 Qd7 14. c3 0-0-0 15. Kb1 Rde8 16. Ne1 Nf4 17. Ka1 d5 18. Bxb6 dxc4 19. Be3 Nxd3 20. Nxd3 cxd3 21. Qxd3 Qxd3 22. Rxd3 Rd8 23. Rxd8+ Rxd8 24. Kb1 Rg8 25. g4 Kd7 26. c4 Ke6 27. f3 h5 28. Re1 hxg4 29. hxg4 a6 30. Bd4 Nd7 31. Kc2 f5 32. Bc3 Rh8 33. b4 Rh3 34. gxf5+ Kxf5 35. Rd1 Ke6 36. Rg1 Kf5 37. Bd2 Rh5 38. Kd3 Nf8 39. b5 Ne6 40. Be3 Rh3 41. bxa6 bxa6 42. Rf1 c5 43. Rb1 Rxf3 44. Rb6 g4 45. Rxa6 e4+ 46. Ke2 Rh3 47. Ra5 Rh2+ 48. Kf1 g3 49. a4 Ra2 50. Bxc5 Nxc5 51. Rxc5+ Kf4 52. a5 e3 53. Rc8 e2+ 54. Ke1 g2 55. Rg8 Kf3 56. Rf8+ Ke3 57. Re8+ Kd3 0-1

[Event "Epikinonias op 4th"]
[Site "Athens"]
[Date "2000.05.22"]
[Round "4"]
[White "Managadze, Nikoloz"]
[Black "Kofidis, Spyridon"]
[Result "1-0"]
[WhiteElo "2447"]
[BlackElo "2219"]
[PlyCount "59"]
[EventDate "2000.05.07"]
[EventType "swiss"]
[EventRounds "9"]
[EventCountry "GRE"]
[SourceTitle "EXT 2004"]
[Source "ChessBase"]
[SourceDate "2003.11.25"]
[SourceVersion "1"]
[SourceVersionDate "2003.11.25"]
[SourceQuality "1"]

1. d4 d5 2. c4 e6 3. Nf3 Nf6 4. g3 Be7 5. Bg2 c6 6. 0-0 0-0 7. Nc3 Nbd7 8. b3 b6 9. Bb2 Ba6 10. Nd2 Rc8 11. e4 Nxe4 12. Ndxe4 dxe4 13. Nxe4 Nf6 14. Re1 Nxe4 15. Bxe4 Bf6 16. Qc2 g6 17. Rad1 Qc7 18. h4 Bg7 19. h5 Rfe8 20. Kg2 Rcd8 21. a4 Bb7 22. c5 f5 23. Bf3 g5 24. g4 Qf7 25. b4 fxg4 26. Bxg4 Rd5 27. h6 Bh8 28. Qe2 Bc8 29. Bh5 Qf8 30. Bxe8 1-0

[Event "Epikinonias op 4th"]
[Site "Athens"]
[Date "2000.05.15"]
[Round "1"]
[White "Georgiou, Iraklis"]
[Black "Kofidis, Spyridon"]
[Result "0-1"]
[WhiteElo "2123"]
[BlackElo "2219"]
[PlyCount "30"]
[EventDate "2000.05.07"]
[EventType "swiss"]
[EventRounds "9"]
[EventCountry "GRE"]
[SourceTitle "EXT 2004"]
[Source "ChessBase"]
[SourceDate "2003.11.25"]
[SourceVersion "1"]
[SourceVersionDate "2003.11.25"]
[SourceQuality "1"]

1. e4 c5 2. Nf3 d6 3. d4 cxd4 4. Nxd4 Nf6 5. Nc3 a6 6. a4 e6 7. Bd3 Be7 8. 0-0 Qc7 9. f4 Nbd7 10. f5 Qc5 11. Be3 e5 12. Nce2 exd4 13. Bxd4 Qc6 14. Ng3 Ne5 15. Qe2 Bd7 0-1

[Event "Athens M/4"]
[Site "Athens"]
[Date "1994.??.??"]
[Round "?"]
[White "Skalkotas, Nikolaos"]
[Black "Kofidis, Spyridon"]
[Result "1-0"]
[WhiteElo "2325"]
[BlackElo "2250"]
[PlyCount "54"]
[EventDate "1994.??.??"]
[EventType "tourn"]
[EventRounds "9"]
[EventCountry "GRE"]
[EventCategory "3"]
[SourceTitle "EXT 2003"]
[Source "ChessBase"]
[SourceDate "2002.11.25"]
[SourceVersion "1"]
[SourceVersionDate "2002.11.25"]
[SourceQuality "1"]

1. d4 d5 2. c4 e6 3. Nc3 Nf6 4. Bf4 c6 5. e3 Be7 6. h3 Nbd7 7. Nf3 0-0 8. Qc2 Re8 9. 0-0-0 Nf8 10. Ne5 dxc4 11. Bxc4 Nd5 12. Bh2 f6 13. Nd3 b5 14. Bb3 a5 15. Nxd5 cxd5 16. a3 Bd7 17. Bc7 Qc8 18. Bb6 Qb7 19. Bc5 Rec8 20. Kb1 Be8 21. Qd2 Bg6 22. Bxe7 Qxe7 23. Ka1 a4 24. Ba2 b4 25. Rc1 b3 26. Bb1 Rab8 27. Qe2 Qd6 1-0